• 首页
  • 本馆介绍
  • 公告通知
  • 最新文献
  • 馆藏检索
  • 电子资源
  • 读者导购
  • 参考咨询
  • 我的图书馆
  • 登录
  • 详细信息显示
  • 放入我的书架
  • 预约/预借图书
  • 作者相关作品
  • 分类相关作品
  • 丛书相关作品
  • 出版社相关作品

书目信息

  • 表格格式
  • 工作单格式
  • 卡片格式
题名:
简单轻松学电子电路检测
    
 
作者: 韩雪涛 主编
分册:  
出版信息: 北京   机械工业出版社  2014
页数: 278页
开本: 26cm
丛书名: 简单轻松学技能丛书
单 册:
中图分类: TN710.07
科图分类:
主题词: 电子电路--Dian Zi Dian Lu--检测--基本知识
电子资源:
ISBN: 978-7-111-45261-4
000 01493nam 2200265 450
001 1673368371
005 20145421075451.0
010    @a978-7-111-45261-4@dCNY49.80
100    @a20140520d2014 em y0chiy0120 ea
101 0  @achi
102    @aCN@b110000
105    @aa z 000yy
106    @ar
200 1  @a简单轻松学电子电路检测@AJian Dan Qing Song Xue Dian Zi Dian Lu Jian Ce@f韩雪涛主编
210    @a北京@c机械工业出版社@d2014
215    @a278页@c图@d26cm
225 2  @a简单轻松学技能丛书@AJian Dan Qing Song Xue Ji Neng Cong Shu
330    @a本书注重知识的循序渐进,在整个编写架构上做了全新的调整以适应读者的学习习惯和学习特点,将电子电路检测这项技能划分成如下10个教学模块:第1章,轻松搞定万用表测量的基本方法;第2章,轻松搞定示波器测量的基本方法;第3章,轻松搞定信号源的使用方法;第4章,轻松搞定电子产品中常见信号的测量方法;第5章,需要些案例搞定电源电路的检测技能;第6章,需要些案例搞定操作显示电路的检测技能;第7章,需要些案例搞定遥控电路的检测技能;第8章,需要些案例搞定音频信号处理电路的检测技能;第9章,需要些案例搞定系统控制电路的检测技能;第10章,需要些案例搞定实用变换电路的检测技能。
333    @a可作为电工电子专业技能培训的辅导教材,以及各职业技术院校电工电子专业的实训教材,也适合从事电工电子行业生产、调试、维修的技术人员和业余爱好者阅读。
410  0 @12001 @a简单轻松学技能丛书
606 0  @a电子电路@ADian Zi Dian Lu@x检测@x基本知识
690    @aTN710.07@v5
701  0 @a韩雪涛@AHan Xue Tao@4主编
801  0 @aCN@b江苏新华@c20150511
905    @aBZT@dTN710.07@e2
    
    简单轻松学电子电路检测/韩雪涛主编.-北京:机械工业出版社,2014
    278页:图;26cm.-(简单轻松学技能丛书)
    使用对象:可作为电工电子专业技能培训的辅导教材,以及各职业技术院校电工电子专业的实训教材,也适合从事电工电子行业生产、调试、维修的技术人员和业余爱好者阅读。
    
    ISBN 978-7-111-45261-4:CNY49.80
    本书注重知识的循序渐进,在整个编写架构上做了全新的调整以适应读者的学习习惯和学习特点,将电子电路检测这项技能划分成如下10个教学模块:第1章,轻松搞定万用表测量的基本方法;第2章,轻松搞定示波器测量的基本方法;第3章,轻松搞定信号源的使用方法;第4章,轻松搞定电子产品中常见信号的测量方法;第5章,需要些案例搞定电源电路的检测技能;第6章,需要些案例搞定操作显示电路的检测技能;第7章,需要些案例搞定遥控电路的检测技能;第8章,需要些案例搞定音频信号处理电路的检测技能;第9章,需要些案例搞定系统控制电路的检测技能;第10章,需要些案例搞定实用变换电路的检测技能。
●
相关链接 在五车中查询图书 在当当中查询图书 在豆瓣中查询图书


正题名:简单轻松学电子电路检测     索取号:TN710.07/2         预约/预借

序号 登录号 条形码 馆藏地/架位号 状态 备注
1 800366   2000800366   第二书库/ [索取号:TN710.07/2] 在馆    
2 800367   2000800367   第二书库/ [索取号:TN710.07/2] 在馆    
3 800368   2000800368   第二书库/ [索取号:TN710.07/2] 在馆    
山东省滨州职业学院图书馆 欢迎您!
大连网信软件有限公司© 版权所有